000 00296nam a22001337a 4500
008 260211b ||||| |||| 00| 0 eng d
020 _a9789606632198002
041 _aital
080 _a002
100 _a20
101 _aital
245 _aUn Giorno Diverso
_cMarco Dominici
942 _2lcc
_cBK
999 _c60770
_d60770